| 000 | 00798nam0a22002651 4500 | ||
|---|---|---|---|
| 001 | rc\105378 | ||
| 005 | 20250612180934.0 | ||
| 035 | _a(NLR Aleph) 008772333 | ||
| 090 |
_a7931733 _c7931733 |
||
| 100 | _a20021216d1991 |||y0rusy50 ca | ||
| 101 | 0 | _arus | |
| 102 | _aRU | ||
| 105 | _aa ||||||||| | ||
| 200 | 1 |
_aДомостроительство Божие _e[Пер. с англ.] |
|
| 210 |
_a[М.] _cВнешторгиздат _d[1991] |
||
| 215 |
_a312 с. _cил. _d19 |
||
| 300 | _aНа тит. л.: Анахайм, 1985 | ||
| 606 | 1 |
_aПроповеди церковные _2nlr_sh1 |
|
| 700 | 1 |
_aЛи _bУ. _f-1997 _gУитнесс |
|
| 801 | 0 |
_aRU _bNLR _gpsbo |
|
| 801 | 1 |
_aRU _bELAR _2rusmarc |
|
| 801 | 2 |
_aRU _bNLR _c20050413 _2rusmarc |
|
| 852 |
_aNLR _j91-3/11251 |
||
| 942 | _cBOOK | ||
| 980 | _aNB | ||